000 00273nam a2200121Ia 4500
008 190216s9999||||xx |||||||||||||| ||und||
100 _aNull
245 0 _aHindi-Apni Hi Therah Ka Athmi
260 _bPragathi Prakashan
300 _a119
650 _aHindi
942 _cBK
999 _c15649
_d15649